| 000 | 00558nam a2200181Ia 4500 | ||
|---|---|---|---|
| 008 | 090123s9999 xx 000 0 und d | ||
| 082 | _b14304 | ||
| 100 | _aअभ्यंकर कुसुम | ||
| 245 | _aत्यागमूर्ती | ||
| 250 | _a1 | ||
| 260 | _bशशीदिप प्रकाशन | ||
| 300 | _a206 | ||
| 600 | _aअभ्यंकर कुसुम | ||
| 630 | _aत्यागमूर्ती | ||
| 700 | _aअभ्यंकर कुसुम | ||
| 730 | _aत्यागमूर्ती | ||
| 942 | _cBOOK | ||
| 999 |
_c52365 _d52365 |
||